000
00333nam a22001457a 4500
008
240205b ||||| |||| 00| 0 eng d
020
_a
1887457003
041
_a
eng
080
_2
FIRST EDITION 2002
_a
72
082
_a
72DIC
100
_a
19
101
_a
ART
245
_a
DREAMS AND REALITIES
_c
EDWIN DICKINSON
942
_2
udc
_c
BK
999
_c
60568
_d
60568